MI LIBRO ENCANTADO (Registro nro. 68521)

Detalles MARC
000 -CABECERA
campo de control de longitud fija 00873nam a22002897a 4500
003 - IDENTIFICADOR DEL NÚMERO DE CONTROL
campo de control BPGM
008 - DATOS DE LONGITUD FIJA--INFORMACIÓN GENERAL
campo de control de longitud fija 260220s1981 mx ao||gr|||| 001 0 spa d
040 ## - FUENTE DE LA CATALOGACIÓN
Lengua de catalogación spa
041 ## - CÓDIGO DE LENGUA
Código de lengua original spa
050 ## - SIGNATURA TOPOGRÁFICA DE LA BIBLIOTECA DEL CONGRESO
Número de clasificación I/398.2/
Número de documento/Ítem L52
245 ## - MENCIÓN DE TÍTULO
Título MI LIBRO ENCANTADO
250 ## - MENCIÓN DE EDICIÓN
Mención de edición 19a
Resto de la mención de edición 1981
260 ## - PUBLICACIÓN, DISTRIBUCIÓN, ETC.
Lugar de publicación, distribución, etc. MÉXICO:
Nombre del editor, distribuidor, etc. CUMBRE S.A
Fecha de publicación, distribución, etc. 1981
300 ## - DESCRIPCIÓN FÍSICA
Extensión 2,565 páginas;
Dimensiones 23.5 cm x 17.5 cm
336 ## - TIPO DE CONTENIDO
Fuente rdacontent
Término de tipo de contenido texto
Código de tipo de contenido txt
337 ## - TIPO DE MEDIO
Fuente rdamedia
Nombre/término del tipo de medio sin mediación
Código del tipo de medio n
338 ## - TIPO DE SOPORTE
Fuente rdacarrier
Nombre/término del tipo de soporte volumen
Código del tipo de soporte nc
490 0# - MENCIÓN DE SERIE
Mención de serie MI LIBRO ENCANTADO
505 ## - NOTA DE CONTENIDO CON FORMATO
Nota de contenido con formato LITERATURA INFANTIL
650 ## - PUNTO DE ACCESO ADICIONAL DE MATERIA--TÉRMINO DE MATERIA
Término de materia o nombre geográfico como elemento de entrada CIENCIAS SOCIALES
650 ## - PUNTO DE ACCESO ADICIONAL DE MATERIA--TÉRMINO DE MATERIA
Término de materia o nombre geográfico como elemento de entrada COSTUMBRES, ETIQUETA, FOLCLOR
650 ## - PUNTO DE ACCESO ADICIONAL DE MATERIA--TÉRMINO DE MATERIA
Término de materia o nombre geográfico como elemento de entrada FOLCLOR
700 ## - PUNTO DE ACCESO ADICIONAL--NOMBRE DE PERSONA
Nombre de persona SANTOS TORROELLA, RAFAEL
Títulos y otros términos asociados al nombre DIRECCIÓN LITERARI
700 ## - PUNTO DE ACCESO ADICIONAL--NOMBRE DE PERSONA
Nombre de persona RIBA RICART, JOSÉ M.
Títulos y otros términos asociados al nombre DIRECCIÓN TÉCNICA
700 ## - PUNTO DE ACCESO ADICIONAL--NOMBRE DE PERSONA
Nombre de persona MIRALLES GACÍA, NICOÁS Y VICENTE
Títulos y otros términos asociados al nombre DIRECCIÓN ARTÍSTICA
942 ## - ELEMENTOS DE PUNTO DE ACCESO ADICIONAL (KOHA)
Fuente del sistema de clasificación o colocación Dewey Decimal Classification
Tipo de ítem Koha General Infantil
Existencias
Estado de retiro Estado de pérdida Fuente del sistema de clasificación o colocación Especificación de materiales (volumen encuadernado u otra parte) Estado dañado No para préstamo Código de colección Localización permanente Ubicación/localización actual Ubicación en estantería Fecha de adquisición Fuente de adquisición Total de préstamos Signatura topográfica completa Fecha visto por última vez Número de copia Precio válido a partir de Tipo de ítem Koha Nota pública
    Dewey Decimal Classification V.1   Préstamo en Sala General Infantil BIBLIOTECA PÚBLICA CENTRAL ESTATAL “FRANCISCO CERVANTES” BIBLIOTECA PÚBLICA CENTRAL ESTATAL “FRANCISCO CERVANTES” ACCESO "C" PLANTA BAJA 02/20/2026 DONACIÓN   I/398.2/L52/V.1 02/20/2026 EJ.1 02/20/2026 General Infantil DESDE LA CUNA
    Dewey Decimal Classification V.2   Préstamo en Sala General Infantil BIBLIOTECA PÚBLICA CENTRAL ESTATAL “FRANCISCO CERVANTES” BIBLIOTECA PÚBLICA CENTRAL ESTATAL “FRANCISCO CERVANTES” ACCESO "C" PLANTA BAJA 02/20/2026 DONACIÓN   I/398.2/L52/V.1 02/20/2026 EJ.1 02/20/2026 General Infantil ERASE UNA VEZ
    Dewey Decimal Classification V.3   Préstamo en Sala General Infantil BIBLIOTECA PÚBLICA CENTRAL ESTATAL “FRANCISCO CERVANTES” BIBLIOTECA PÚBLICA CENTRAL ESTATAL “FRANCISCO CERVANTES” ACCESO "C" PLANTA BAJA 02/20/2026 DONACIÓN   I/398.2/L52/V.3 02/20/2026 EJ.1 02/20/2026 General Infantil LAS HADAS
    Dewey Decimal Classification V.4   Préstamo en Sala General Infantil BIBLIOTECA PÚBLICA CENTRAL ESTATAL “FRANCISCO CERVANTES” BIBLIOTECA PÚBLICA CENTRAL ESTATAL “FRANCISCO CERVANTES” ACCESO "C" PLANTA BAJA 02/20/2026 DONACIÓN   I/398.2/L52/V.4 02/20/2026 EJ.1 02/20/2026 General Infantil EL MUNDO MARAVILLOSO
    Dewey Decimal Classification V.5   Préstamo en Sala General Infantil BIBLIOTECA PÚBLICA CENTRAL ESTATAL “FRANCISCO CERVANTES” BIBLIOTECA PÚBLICA CENTRAL ESTATAL “FRANCISCO CERVANTES” ACCESO "C" PLANTA BAJA 02/20/2026 DONACIÓN   I/398.2/L52/V.5 02/20/2026 EJ.1 02/20/2026 General Infantil MITO Y LEYENDA
    Dewey Decimal Classification V.6   Préstamo en Sala General Infantil BIBLIOTECA PÚBLICA CENTRAL ESTATAL “FRANCISCO CERVANTES” BIBLIOTECA PÚBLICA CENTRAL ESTATAL “FRANCISCO CERVANTES” ACCESO "C" PLANTA BAJA 02/20/2026 DONACIÓN   I/398.2/L52/V.6 02/20/2026 EJ.1 02/20/2026 General Infantil HEROES Y SANTOS
    Dewey Decimal Classification V.7   Préstamo en Sala General Infantil BIBLIOTECA PÚBLICA CENTRAL ESTATAL “FRANCISCO CERVANTES” BIBLIOTECA PÚBLICA CENTRAL ESTATAL “FRANCISCO CERVANTES” ACCESO "C" PLANTA BAJA 02/20/2026 DONACIÓN   I/398.2/L52/V.7 02/20/2026 EJ.1 02/20/2026 General Infantil EL MAR Y LA AVENTURA
    Dewey Decimal Classification V.8   Préstamo en Sala General Infantil BIBLIOTECA PÚBLICA CENTRAL ESTATAL “FRANCISCO CERVANTES” BIBLIOTECA PÚBLICA CENTRAL ESTATAL “FRANCISCO CERVANTES” ACCESO "C" PLANTA BAJA 02/20/2026 DONACIÓN   I/398.2/L52/V.8 02/20/2026 EJ.1 02/20/2026 General Infantil EN ALTO LA BANDERA
    Dewey Decimal Classification V.9   Préstamo en Sala General Infantil BIBLIOTECA PÚBLICA CENTRAL ESTATAL “FRANCISCO CERVANTES” BIBLIOTECA PÚBLICA CENTRAL ESTATAL “FRANCISCO CERVANTES” ACCESO "C" PLANTA BAJA 02/20/2026 DONACIÓN   I/398.2/L52/V.9 02/20/2026 EJ.1 02/20/2026 General Infantil GRANDES HOMBRES-GRANDES HAZAÑAS
    Dewey Decimal Classification V.10   Préstamo en Sala General Infantil BIBLIOTECA PÚBLICA CENTRAL ESTATAL “FRANCISCO CERVANTES” BIBLIOTECA PÚBLICA CENTRAL ESTATAL “FRANCISCO CERVANTES” ACCESO "C" PLANTA BAJA 02/20/2026 DONACIÓN   I/398.2/L52/V.10 02/20/2026 EJ.1 02/20/2026 General Infantil PAGINAS DE ORO
    Dewey Decimal Classification V.11   Préstamo en Sala General Infantil BIBLIOTECA PÚBLICA CENTRAL ESTATAL “FRANCISCO CERVANTES” BIBLIOTECA PÚBLICA CENTRAL ESTATAL “FRANCISCO CERVANTES” ACCESO "C" PLANTA BAJA 02/20/2026 DONACIÓN   I/398.2/L52/V.11 02/20/2026 EJ.1 02/20/2026 General Infantil LA HORA DE JUGAR
    Dewey Decimal Classification V.12   Préstamo en Sala General Infantil BIBLIOTECA PÚBLICA CENTRAL ESTATAL “FRANCISCO CERVANTES” BIBLIOTECA PÚBLICA CENTRAL ESTATAL “FRANCISCO CERVANTES” ACCESO "C" PLANTA BAJA 02/20/2026 DONACIÓN   I/398.2/L52/V.12 02/20/2026 EJ.1 02/20/2026 General Infantil NUESTROS HIJOS